| 000 | 00340nam a22001337a 4500 | ||
|---|---|---|---|
| 082 |
_a894.812.3 _bSHA/V |
||
| 100 | _aSHAMSUDEEN, PULLAMPARA,- Tr. | ||
| 245 | _aVESHAM MARI VANNA KHALEEFA UMARUM MATTU GUNAPADA KADHAKALUM | ||
| 250 | _aFIRST | ||
| 260 |
_aKOTTAYAM _bMAMBAZHAM _c2011 |
||
| 300 | _a166 | ||
| 650 |
_aSTORY _zKERALA |
||
| 942 | _cBK | ||
| 999 |
_c1602 _d1602 |
||